Anuario estadístico 2004.
Gespeichert in:
| Körperschaft: | |
|---|---|
| Format: | Buch |
| Veröffentlicht: |
Santiago, Chile:
Secretaría General del H. Consejo de Rectores,
2005.
|
| Ausgabe: | 1a. ed |
| Schlagworte: | |
| Online-Zugang: | Disponible Online - Consejo de Rectores |
| Tags: |
Tag hinzufügen
Keine Tags, Fügen Sie den ersten Tag hinzu!
|
MARC
| LEADER | 00000cam a2200000 a 4500 | ||
|---|---|---|---|
| 001 | UCK7475 | ||
| 003 | CL-VaPUC | ||
| 005 | 20230401074318.0 | ||
| 008 | 230331t2005 ||||| |||| 00| 0 eng d | ||
| 999 | |c 315385 |d 315383 | ||
| 022 | |a 0716-0585 | ||
| 040 | |c Pontificia Universidad Católica de Valparaíso | ||
| 082 | 0 | 4 | |a 378.83 CON 2005 |2 21 |
| 110 | 2 | |a Consejo de Rectores Universidades Chilenas |e autor |9 496966 | |
| 245 | 1 | 0 | |a Anuario estadístico 2004. |
| 250 | |a 1a. ed | ||
| 260 | |a Santiago, Chile: |b Secretaría General del H. Consejo de Rectores, |c 2005. | ||
| 300 | |a 459 páginas. | ||
| 583 | |a last modification |c 20160303 11:05:01 |k Rodrigo Vera | ||
| 650 | 0 | |a Anuarios |9 258977 | |
| 650 | 0 | |a Educación superior |9 223851 | |
| 650 | 0 | |a Universidades |9 256317 | |
| 650 | 0 | |a Datos estadísticos |9 329380 | |
| 650 | 0 | |a Estadísticas educacionales |9 331921 | |
| 651 | 0 | |a Chile |2 CL-VaPUC |9 254862 | |
| 856 | |u https://www.consejoderectores.cl/wp-content/uploads/anuario/2004/Anuario_2004_cruch.pdf |y Disponible Online - Consejo de Rectores | ||
| 942 | |c BK |2 ddc | ||
| 952 | |0 0 |1 0 |4 0 |6 378_830000000000000_CON_2005 |7 0 |8 P |9 388576 |a BIBEDU |b BIBEDU |c BIBEDU_PB |d 2019-11-22 |i 4187415 |o 378.83 CON 2005 |p 4187415 |r 2019-11-22 |w 2019-11-22 |y BK |k EPE | ||
| 952 | |0 0 |1 0 |3 erb |4 0 |6 378_830000000000000_CON_2005 |7 0 |8 ED_SUP |9 388577 |a BIBGIM |b BIBGIM |c S_PSTGRDO |i 4598814 |o 378.83 CON 2005 |p 4598814 |r 2025-01-15 |w 2019-11-22 |y BK |z Catalogado en:20160303 |k ESU | ||
| 952 | |0 0 |1 0 |2 ddc |4 0 |6 378_830000000000000_CON_2005 |7 0 |8 ED_SUP |9 589372 |a BIBGIM |b BIBGIM |c S_PSTGRDO |d 2023-03-31 |e Donación |i 5656916 |o 378.83 CON 2005 |p 5656916 |r 2025-01-15 |t 3 |w 2023-03-31 |y BK |k ESU | ||